Ciencia, razón y fe
Wedi'i Gadw mewn:
| Prif Awdur: | |
|---|---|
| Fformat: | Llyfr |
| Iaith: | Sbaeneg |
| Cyhoeddwyd: |
Pamplona
Eunsa
2004
|
| Rhifyn: | 1a. ed |
| Cyfres: | Iniciación Filosófica
|
| Pynciau: | |
| Tagiau: |
Ychwanegu Tag
Dim Tagiau, Byddwch y cyntaf i dagio'r cofnod hwn!
|
MARC
| LEADER | 00000nam a2200000 a 4500 | ||
|---|---|---|---|
| 001 | UCK3511 | ||
| 003 | CL-VaPUC | ||
| 008 | 050429e20040000sp |||||||||||||||||spa|d | ||
| 020 | |a 843132144X | ||
| 082 | 0 | 4 | |a 501 |b ART |2 21 |
| 100 | 0 | |a Artigas, Mariano |e author |9 491569 | |
| 245 | 1 | 0 | |a Ciencia, razón y fe |
| 250 | |a 1a. ed | ||
| 300 | |a 196 p | ||
| 942 | |c BK | ||
| 945 | |d 20050429 00:00:00 |a cmena | ||
| 260 | |a Pamplona |b Eunsa |c 2004 | ||
| 650 | 0 | |a Filosofía de las ciencias |9 256466 | |
| 650 | 0 | |a Religión y ciencia |9 314470 | |
| 650 | 7 | |a FE Y RAZON |2 CL-VaPUC |9 491570 | |
| 583 | |a last modification |c 20171010 04:30:38 |k Rodrigo Vera | ||
| 490 | 0 | |a Iniciación Filosófica | |
| 999 | |c 312648 |d 312646 | ||
| 952 | |0 0 |1 0 |4 0 |6 501_000000000000000_ART_2004 |7 0 |8 A |9 383255 |a BIBTEO |b BIBTEO |d 2019-11-21 |i 4099265 |l 1 |o 501 ART 2004 |p 4099265 |r 2025-01-17 |s 2024-10-25 |w 2019-11-21 |y BK |k ICR | ||